000 00708nab a2200217u 4500
001 19357
003 HDC
007 c| |||a|c|aaaa
008 210226b20121010my ||||o |||| 00| 0 eng d
040 _aHDC
245 0 _aUK: Akbars to open Chinese Halal outlet in Bradford
336 _atext
_2rdacontent
337 _acomputer
_2rdamedia
338 _aonline resource
_2rdacarrier
650 _aChinese halal cuisine
_917788
650 _aIslamic dietary laws
_917789
856 _zRequest full-text at [email protected]
942 _2lcc
942 _cNEWS
942 _kNWS0 003520
999 _c16673
_d16673